[Event "Team Championship Russia (Blitz, Men)"]
[Site "Sochi"]
[Date "2018.10.10"]
[Round "2.15"]
[White "Kobalia, Mikhail"]
[Black "Lugovskoy, Maxim"]
[Result "1-0"]
[BlackElo "2436"]
[WhiteElo "2492"]
[LiveChessVersion "1.4.8"]

1. e4 {[%clk 0:03:03]} e6 {[%clk 0:03:03]} 2. d4 {[%clk 0:03:04]} d5
{[%clk 0:03:04]} 3. Nc3 {[%clk 0:03:06]} Bb4 {[%clk 0:03:05]} 4. e5
{[%clk 0:03:07]} c5 {[%clk 0:03:07]} 5. a3 {[%clk 0:03:09]} Bxc3+
{[%clk 0:03:08]} 6. bxc3 {[%clk 0:03:10]} Qa5 {[%clk 0:03:09]} 7. Bd2
{[%clk 0:03:10]} Qa4 {[%clk 0:03:10]} 8. Qb1 {[%clk 0:03:07]} c4 {[%clk 0:03:10]}
9. Be2 {[%clk 0:03:03]} Nc6 {[%clk 0:03:10]} 10. h4 {[%clk 0:03:01]} Bd7
{[%clk 0:03:08]} 11. h5 {[%clk 0:02:57]} h6 {[%clk 0:03:01]} 12. Nf3
{[%clk 0:02:53]} O-O-O {[%clk 0:03:02]} 13. Qd1 {[%clk 0:02:49]} Nge7
{[%clk 0:03:02]} 14. Bf4 {[%clk 0:02:46]} Kb8 {[%clk 0:02:56]} 15. Qd2 Ka8 16. g3
{[%clk 0:02:34]} Rde8 {[%clk 0:02:52]} 17. Bf1 {[%clk 0:02:34]} f6
{[%clk 0:02:44]} 18. Bg2 {[%clk 0:02:33]} f5 {[%clk 0:02:33]} 19. Nh4
{[%clk 0:02:30]} Reg8 {[%clk 0:02:34]} 20. Bf3 {[%clk 0:02:26]} Be8
{[%clk 0:02:36]} 21. Be3 {[%clk 0:02:22]} a6 {[%clk 0:02:33]} 22. Ng2
{[%clk 0:02:20]} g5 {[%clk 0:02:23]} 23. hxg6 {[%clk 0:02:21]} Nxg6
{[%clk 0:02:23]} 24. Nh4 {[%clk 0:01:59]} f4 {[%clk 0:02:15]} 25. Bxf4
{[%clk 0:01:56]} Nxf4 {[%clk 0:02:16]} 26. gxf4 {[%clk 0:01:57]} Bg6
{[%clk 0:02:13]} 27. Nxg6 {[%clk 0:01:51]} Rxg6 {[%clk 0:02:14]} 28. f5
{[%clk 0:01:50]} Rg5 {[%clk 0:02:05]} 29. f6 {[%clk 0:01:43]} Rhg8
{[%clk 0:02:03]} 30. Ke2 {[%clk 0:01:40]} Qa5 {[%clk 0:01:33]} 31. Rxh6
{[%clk 0:01:40]} Qb6 {[%clk 0:01:12]} 32. f7 {[%clk 0:01:39]} Qb2
{[%clk 0:00:54]} 33. Qxg5 {[%clk 0:01:28]} Rb8 {[%clk 0:00:30]} 34. Qg8
{[%clk 0:01:20]} Qxc2+ {[%clk 0:00:23]} 35. Kf1 {[%clk 0:01:20]} Qxc3
{[%clk 0:00:19]} 36. f8=Q {[%clk 0:01:14]} Qxa1+ {[%clk 0:00:18]} 37. Kg2
{[%clk 0:01:15]} Qxd4 {[%clk 0:00:18]} 38. Qxb8+ {[%clk 0:00:53]} Nxb8
{[%clk 0:00:19]} 39. Rxe6 {[%clk 0:00:54]} Ka7 {[%clk 0:00:15]} 40. Re8
{[%clk 0:00:55]} Nc6 {[%clk 0:00:04]} 41. Qxd5 {[%clk 0:00:55]} Qxd5
{[%clk 0:00:03]} 42. Bxd5 {[%clk 0:00:55]} c3 {[%clk 0:00:05]} 43. Be4
{[%clk 0:00:55]} b5 {[%clk 0:00:03]} 44. Rc8 {[%clk 0:00:54]} Nxe5
{[%clk 0:00:04]} 45. Rxc3 {[%clk 0:00:54]} Kb6 {[%clk 0:00:05]} 46. f4
{[%clk 0:00:54]} Nf7 {[%clk 0:00:06]} 47. Bd5 {[%clk 0:00:53]} Nd8
{[%clk 0:00:05]} 48. Rc8 {[%clk 0:00:53]} 1-0

[Event "Team Championship Russia (Blitz, Men)"]
[Site "Sochi"]
[Date "2018.10.10"]
[Round "2.16"]
[White "Oganian, Miran"]
[Black "Motylev, Alexander"]
[Result "0-1"]
[BlackElo "2569"]
[WhiteElo "2466"]
[LiveChessVersion "1.4.8"]

1. d4 {[%clk 0:03:03]} d5 {[%clk 0:03:03]} 2. c4 {[%clk 0:03:04]} c6
{[%clk 0:03:04]} 3. Nf3 {[%clk 0:03:05]} Nf6 {[%clk 0:03:04]} 4. Qc2
{[%clk 0:03:06]} g6 {[%clk 0:03:04]} 5. Bf4 {[%clk 0:03:07]} dxc4
{[%clk 0:03:05]} 6. Qxc4 {[%clk 0:03:08]} Be6 {[%clk 0:03:05]} 7. Qc1
{[%clk 0:03:08]} Bg7 {[%clk 0:03:06]} 8. Nc3 {[%clk 0:03:09]} O-O
{[%clk 0:03:02]} 9. e3 {[%clk 0:03:10]} Nbd7 {[%clk 0:02:59]} 10. h3
{[%clk 0:03:10]} c5 {[%clk 0:02:49]} 11. Be2 {[%clk 0:02:58]} Rc8
{[%clk 0:02:48]} 12. O-O {[%clk 0:02:49]} cxd4 {[%clk 0:02:33]} 13. exd4
{[%clk 0:02:16]} Nd5 {[%clk 0:02:31]} 14. Bd2 {[%clk 0:02:00]} N7b6
{[%clk 0:02:27]} 15. Rd1 {[%clk 0:01:47]} Nxc3 {[%clk 0:02:24]} 16. bxc3
{[%clk 0:01:42]} Bc4 {[%clk 0:02:21]} 17. Bxc4 {[%clk 0:01:38]} Nxc4
{[%clk 0:02:21]} 18. Bh6 {[%clk 0:01:37]} Qa5 {[%clk 0:02:19]} 19. Bxg7
{[%clk 0:01:32]} Kxg7 {[%clk 0:02:20]} 20. Rd3 {[%clk 0:01:22]} Rfd8
{[%clk 0:02:15]} 21. Qe1 {[%clk 0:01:20]} e5 {[%clk 0:02:05]} 22. Qe2
{[%clk 0:01:15]} Re8 {[%clk 0:01:55]} 23. dxe5 {[%clk 0:01:04]} Nxe5
{[%clk 0:01:55]} 24. Nxe5 {[%clk 0:01:03]} Rxe5 {[%clk 0:01:55]} 25. Qf3
{[%clk 0:01:00]} Rc7 {[%clk 0:01:49]} 26. Rd6 {[%clk 0:00:49]} Rf5
{[%clk 0:01:45]} 27. Qe4 {[%clk 0:00:31]} Qxc3 {[%clk 0:01:40]} 28. Rad1
{[%clk 0:00:29]} Qe5 {[%clk 0:01:34]} 29. Qh4 {[%clk 0:00:13]} Qf4
{[%clk 0:01:16]} 30. Qxf4 {[%clk 0:00:05]} Rxf4 {[%clk 0:01:17]} 31. Rd7
{[%clk 0:00:04]} Rfc4 {[%clk 0:01:10]} 32. Rxc7 {[%clk 0:00:04]} Rxc7
{[%clk 0:01:10]} 33. Rd4 {[%clk 0:00:04]} b6 {[%clk 0:01:09]} 34. g3
{[%clk 0:00:04]} Rc5 {[%clk 0:01:08]} 35. Kg2 {[%clk 0:00:05]} h5
{[%clk 0:01:05]} 36. h4 {[%clk 0:00:06]} Kf6 {[%clk 0:01:06]} 37. Rf4+
{[%clk 0:00:05]} Ke6 {[%clk 0:01:07]} 38. Re4+ {[%clk 0:00:06]} Re5
{[%clk 0:01:07]} 39. Ra4 {[%clk 0:00:07]} a5 {[%clk 0:01:08]} 40. Rc4
{[%clk 0:00:08]} Kd6 {[%clk 0:01:03]} 41. Rf4 {[%clk 0:00:06]} Rf5
{[%clk 0:01:02]} 42. Rc4 {[%clk 0:00:07]} Rc5 {[%clk 0:01:02]} 43. Rf4
{[%clk 0:00:06]} f5 {[%clk 0:00:56]} 44. Rd4+ {[%clk 0:00:07]} Rd5
{[%clk 0:00:56]} 45. Rc4 {[%clk 0:00:09]} Rc5 {[%clk 0:00:49]} 46. Rd4+
{[%clk 0:00:10]} Ke6 {[%clk 0:00:50]} 47. Rd8 {[%clk 0:00:08]} Rc2
{[%clk 0:00:42]} 48. Rg8 {[%clk 0:00:09]} Kf7 {[%clk 0:00:37]} 49. Rb8
{[%clk 0:00:09]} Rb2 {[%clk 0:00:37]} 50. Kf3 {[%clk 0:00:10]} a4
{[%clk 0:00:37]} 51. a3 {[%clk 0:00:11]} Kf6 {[%clk 0:00:34]} 52. Ke3
{[%clk 0:00:09]} Ke5 {[%clk 0:00:30]} 53. Kd3 {[%clk 0:00:05]} b5
{[%clk 0:00:28]} 54. Ke3 {[%clk 0:00:04]} Rb3+ {[%clk 0:00:27]} 55. Ke2
{[%clk 0:00:06]} Kd4 {[%clk 0:00:28]} 56. Rb6 {[%clk 0:00:07]} Kc5
{[%clk 0:00:25]} 57. Rxg6 {[%clk 0:00:07]} Rxa3 {[%clk 0:00:25]} 58. Rg5
{[%clk 0:00:09]} Kc4 {[%clk 0:00:24]} 59. Rxf5 {[%clk 0:00:08]} Ra2+
{[%clk 0:00:25]} 60. Ke3 {[%clk 0:00:09]} a3 {[%clk 0:00:25]} 61. Rxh5
{[%clk 0:00:08]} Ra1 {[%clk 0:00:25]} 62. Rh8 {[%clk 0:00:06]} a2
{[%clk 0:00:25]} 63. Rc8+ {[%clk 0:00:04]} Kb3 {[%clk 0:00:26]} 64. Ra8
{[%clk 0:00:04]} Re1+ {[%clk 0:00:26]} 65. Kf4 {[%clk 0:00:04]} a1=Q
{[%clk 0:00:23]} 66. Rxa1 {[%clk 0:00:04]} Rxa1 {[%clk 0:00:23]} 67. h5
{[%clk 0:00:06]} Rh1 {[%clk 0:00:24]} 68. g4 {[%clk 0:00:06]} Kc4
{[%clk 0:00:24]} 69. Kg5 {[%clk 0:00:04]} b4 {[%clk 0:00:25]} 70. f4
{[%clk 0:00:04]} b3 {[%clk 0:00:26]} 71. f5 {[%clk 0:00:05]} b2 {[%clk 0:00:27]}
72. f6 {[%clk 0:00:06]} b1=Q {[%clk 0:00:28]} 73. f7 {[%clk 0:00:06]} Rf1
{[%clk 0:00:25]} 0-1

[Event "Team Championship Russia (Blitz, Men)"]
[Site "Sochi"]
[Date "2018.10.10"]
[Round "2.17"]
[White "Ozgibcev, Anatoly"]
[Black "Alekseenko, Kirill"]
[Result "0-1"]
[BlackElo "2613"]
[WhiteElo "2353"]
[LiveChessVersion "1.4.8"]

1. e4 {[%clk 0:03:01]} c5 {[%clk 0:03:03]} 2. c3 {[%clk 0:03:03]} Qa5
{[%clk 0:03:04]} 3. Nf3 {[%clk 0:02:59]} Nc6 {[%clk 0:03:05]} 4. d3
{[%clk 0:02:57]} g6 {[%clk 0:03:01]} 5. Nbd2 {[%clk 0:02:57]} Bg7
{[%clk 0:03:02]} 6. g3 {[%clk 0:02:57]} d6 {[%clk 0:03:03]} 7. Bg2
{[%clk 0:02:58]} Nf6 {[%clk 0:03:05]} 8. O-O {[%clk 0:02:58]} O-O
{[%clk 0:03:05]} 9. Re1 {[%clk 0:02:56]} Qc7 {[%clk 0:03:06]} 10. d4
{[%clk 0:02:37]} e5 {[%clk 0:02:53]} 11. dxe5 {[%clk 0:02:31]} dxe5
{[%clk 0:02:54]} 12. a4 {[%clk 0:02:22]} Be6 {[%clk 0:02:50]} 13. Ng5
{[%clk 0:02:11]} Bg4 {[%clk 0:02:50]} 14. Qc2 {[%clk 0:02:12]} h6
{[%clk 0:02:43]} 15. Ngf3 {[%clk 0:02:13]} Be6 {[%clk 0:02:32]} 16. Bf1
{[%clk 0:02:11]} Rad8 {[%clk 0:02:31]} 17. Bc4 {[%clk 0:02:03]} Bg4
{[%clk 0:02:31]} 18. Be2 {[%clk 0:01:56]} Na5 {[%clk 0:02:27]} 19. Kg2
{[%clk 0:01:45]} Rd7 {[%clk 0:02:11]} 20. h3 {[%clk 0:01:32]} Be6 21. c4
{[%clk 0:01:10]} Nc6 {[%clk 0:02:12]} 22. b3 {[%clk 0:00:47]} Rfd8
{[%clk 0:02:05]} 23. Bb2 {[%clk 0:00:40]} Nh7 {[%clk 0:02:06]} 24. Nf1
{[%clk 0:00:34]} Nd4 {[%clk 0:01:50]} 25. Bxd4 {[%clk 0:00:31]} exd4
{[%clk 0:01:36]} 26. Bd3 {[%clk 0:00:31]} Re7 {[%clk 0:01:37]} 27. N1d2
{[%clk 0:00:27]} Rde8 {[%clk 0:01:38]} 28. a5 {[%clk 0:00:25]} Qc8
{[%clk 0:01:35]} 29. h4 {[%clk 0:00:19]} Nf6 {[%clk 0:01:34]} 30. Qb2
{[%clk 0:00:17]} Bh3+ {[%clk 0:01:23]} 31. Kg1 {[%clk 0:00:16]} Ng4
{[%clk 0:01:14]} 32. b4 {[%clk 0:00:16]} b6 {[%clk 0:01:12]} 33. axb6
{[%clk 0:00:17]} axb6 {[%clk 0:01:14]} 34. bxc5 {[%clk 0:00:17]} bxc5
{[%clk 0:01:15]} 35. Qa3 {[%clk 0:00:12]} Ne5 {[%clk 0:01:04]} 36. Nxe5
{[%clk 0:00:10]} Bxe5 {[%clk 0:01:05]} 37. Nf3 {[%clk 0:00:05]} Bg7
{[%clk 0:01:04]} 38. Qa6 {[%clk 0:00:05]} Qc7 {[%clk 0:00:56]} 39. Qa5
{[%clk 0:00:06]} Qc8 {[%clk 0:00:49]} 40. Qa6 {[%clk 0:00:07]} Qg4
{[%clk 0:00:50]} 41. Nh2 {[%clk 0:00:06]} Qh5 {[%clk 0:00:51]} 42. Qd6
{[%clk 0:00:06]} Re6 {[%clk 0:00:43]} 43. Qd5 {[%clk 0:00:07]} Re5
{[%clk 0:00:42]} 44. Qd6 {[%clk 0:00:08]} g5 {[%clk 0:00:37]} 45. hxg5
{[%clk 0:00:08]} hxg5 {[%clk 0:00:38]} 46. Ra7 {[%clk 0:00:09]} Bf5
{[%clk 0:00:31]} 47. Qc6 {[%clk 0:00:07]} R5e6 {[%clk 0:00:20]} 48. Qxc5
{[%clk 0:00:08]} Rh6 {[%clk 0:00:19]} 49. Qc6 {[%clk 0:00:04]} Qxh2+ 50. Kf1 Qh3+
{[%clk 0:00:14]} 51. Kg1 {[%clk 0:00:07]} Qh1# {[%clk 0:00:15]} 0-1

[Event "Team Championship Russia (Blitz, Men)"]
[Site "Sochi"]
[Date "2018.10.10"]
[Round "2.18"]
[White "Alekseev, Evgeny"]
[Black "Dilmukhametov, Artur"]
[Result "1/2-1/2"]
[BlackElo "2375"]
[WhiteElo "2629"]
[LiveChessVersion "1.4.8"]

1. e4 {[%clk 0:03:02]} e6 {[%clk 0:03:03]} 2. d4 {[%clk 0:03:02]} d5
{[%clk 0:03:03]} 3. Bd3 {[%clk 0:03:03]} dxe4 {[%clk 0:02:55]} 4. Bxe4
{[%clk 0:03:05]} Nf6 {[%clk 0:02:56]} 5. Bf3 {[%clk 0:03:06]} c5 {[%clk 0:02:57]}
6. Ne2 {[%clk 0:03:07]} Nc6 {[%clk 0:02:52]} 7. Be3 {[%clk 0:03:09]} cxd4
{[%clk 0:02:50]} 8. Nxd4 {[%clk 0:03:10]} Ne5 {[%clk 0:02:49]} 9. Nc3
{[%clk 0:03:10]} Be7 {[%clk 0:02:38]} 10. Ndb5 {[%clk 0:02:56]} Nxf3+
{[%clk 0:02:30]} 11. Qxf3 {[%clk 0:02:56]} O-O {[%clk 0:02:24]} 12. O-O
{[%clk 0:02:32]} a6 {[%clk 0:02:15]} 13. Rfd1 {[%clk 0:02:33]} Bd7
{[%clk 0:02:04]} 14. Nd4 {[%clk 0:02:05]} Qc7 {[%clk 0:01:59]} 15. Qg3
{[%clk 0:01:47]} Qxg3 {[%clk 0:01:29]} 16. hxg3 {[%clk 0:01:48]} e5
{[%clk 0:01:28]} 17. Nf3 {[%clk 0:01:30]} Bg4 {[%clk 0:01:28]} 18. Rd2
{[%clk 0:01:19]} Bxf3 {[%clk 0:00:58]} 19. gxf3 {[%clk 0:01:20]} Bb4 20. Rd3 Rac8
{[%clk 0:00:56]} 21. Bd2 {[%clk 0:01:12]} Rfd8 {[%clk 0:00:50]} 22. Rxd8+
{[%clk 0:01:11]} Rxd8 {[%clk 0:00:51]} 23. Be1 {[%clk 0:01:12]} b5
{[%clk 0:00:35]} 24. a4 {[%clk 0:01:06]} bxa4 {[%clk 0:00:19]} 25. Nxa4
{[%clk 0:01:01]} Bxe1 {[%clk 0:00:19]} 26. Rxe1 {[%clk 0:01:02]} Rd2
{[%clk 0:00:18]} 27. c4 {[%clk 0:00:53]} e4 {[%clk 0:00:08]} 28. fxe4
{[%clk 0:00:27]} Ng4 {[%clk 0:00:09]} 29. Rf1 {[%clk 0:00:22]} Ne5
{[%clk 0:00:10]} 30. b3 {[%clk 0:00:18]} Rd3 {[%clk 0:00:04]} 31. Nc5
{[%clk 0:00:18]} Rc3 {[%clk 0:00:05]} 32. Ra1 {[%clk 0:00:12]} Nf3+
{[%clk 0:00:06]} 33. Kg2 {[%clk 0:00:13]} Nd2 {[%clk 0:00:07]} 34. Rd1
{[%clk 0:00:11]} Rc2 {[%clk 0:00:07]} 35. Nxa6 {[%clk 0:00:10]} f6
{[%clk 0:00:08]} 36. Nc5 {[%clk 0:00:10]} Rb2 {[%clk 0:00:09]} 37. Rc1
{[%clk 0:00:09]} Kf7 {[%clk 0:00:10]} 38. Ra1 {[%clk 0:00:09]} Ke7
{[%clk 0:00:08]} 39. Ra6 {[%clk 0:00:09]} h5 {[%clk 0:00:06]} 40. Re6+
{[%clk 0:00:09]} Kf7 {[%clk 0:00:07]} 41. Rd6 {[%clk 0:00:10]} g5
{[%clk 0:00:08]} 42. e5 {[%clk 0:00:09]} fxe5 {[%clk 0:00:07]} 43. Nd3
{[%clk 0:00:10]} Rc2 {[%clk 0:00:07]} 44. Nxe5+ {[%clk 0:00:11]} Ke7
{[%clk 0:00:08]} 45. Rd4 {[%clk 0:00:10]} Ke6 {[%clk 0:00:09]} 46. Nf3
{[%clk 0:00:10]} Nxb3 {[%clk 0:00:09]} 47. Re4+ {[%clk 0:00:11]} Kf6
{[%clk 0:00:10]} 48. Nd4 {[%clk 0:00:09]} Rxc4 {[%clk 0:00:09]} 49. Re6+
{[%clk 0:00:08]} Kf7 {[%clk 0:00:11]} 50. Re5 {[%clk 0:00:07]} Nxd4
{[%clk 0:00:11]} 51. Rxg5 {[%clk 0:00:09]} Rc2 {[%clk 0:00:08]} 52. Rxh5
{[%clk 0:00:09]} 1/2-1/2

[Event "Team Championship Russia (Blitz, Men)"]
[Site "Sochi"]
[Date "2018.10.10"]
[Round "2.19"]
[White "Inozemtsev, Sergei"]
[Black "Usmanov, Vasily"]
[Result "0-1"]
[BlackElo "2446"]
[WhiteElo "2312"]
[LiveChessVersion "1.4.8"]

1. e4 {[%clk 0:03:03]} Nc6 {[%clk 0:03:03]} 2. Nf3 {[%clk 0:03:03]} d6
{[%clk 0:03:05]} 3. Bb5 {[%clk 0:03:00]} Nf6 {[%clk 0:02:46]} 4. Qe2
{[%clk 0:02:51]} Bg4 {[%clk 0:02:44]} 5. h3 {[%clk 0:02:45]} Bh5 {[%clk 0:02:45]}
6. c3 {[%clk 0:02:43]} a6 {[%clk 0:02:41]} 7. Ba4 {[%clk 0:02:43]} e5
{[%clk 0:02:30]} 8. d3 {[%clk 0:02:42]} Be7 {[%clk 0:02:30]} 9. Nbd2
{[%clk 0:02:42]} O-O {[%clk 0:02:26]} 10. Nf1 {[%clk 0:02:43]} Nd7
{[%clk 0:01:55]} 11. Bc2 {[%clk 0:02:35]} Nc5 {[%clk 0:01:49]} 12. g4
{[%clk 0:02:34]} Bg6 {[%clk 0:01:50]} 13. Ng3 {[%clk 0:02:35]} d5
{[%clk 0:01:47]} 14. Nf5 {[%clk 0:02:35]} dxe4 {[%clk 0:01:47]} 15. dxe4
{[%clk 0:02:36]} Ne6 {[%clk 0:01:41]} 16. Bd2 {[%clk 0:02:29]} Nf4
{[%clk 0:01:30]} 17. Bxf4 {[%clk 0:02:28]} exf4 {[%clk 0:01:31]} 18. O-O
{[%clk 0:02:26]} Bxf5 {[%clk 0:01:27]} 19. gxf5 {[%clk 0:02:17]} Re8
{[%clk 0:01:22]} 20. Rad1 {[%clk 0:02:14]} Bd6 {[%clk 0:01:23]} 21. Kh1
{[%clk 0:02:10]} Qf6 {[%clk 0:01:23]} 22. Rg1 {[%clk 0:02:07]} Ne5
{[%clk 0:01:23]} 23. Rg2 {[%clk 0:01:50]} Qh6 {[%clk 0:01:22]} 24. Kh2
{[%clk 0:01:44]} Qh5 {[%clk 0:01:19]} 25. Rd3 {[%clk 0:01:22]} Rad8
{[%clk 0:01:18]} 26. Bd1 {[%clk 0:01:01]} Nxd3 {[%clk 0:01:17]} 27. Qxd3
{[%clk 0:01:02]} Kh8 {[%clk 0:01:16]} 28. Qc2 {[%clk 0:00:55]} Qh6
{[%clk 0:00:57]} 29. Rg4 {[%clk 0:00:49]} Qf6 {[%clk 0:00:55]} 30. Kg1
{[%clk 0:00:44]} g6 {[%clk 0:00:55]} 31. fxg6 {[%clk 0:00:28]} hxg6
{[%clk 0:00:54]} 32. h4 {[%clk 0:00:28]} Kg7 {[%clk 0:00:45]} 33. Nd4
{[%clk 0:00:23]} Bc5 {[%clk 0:00:41]} 34. Nf3 {[%clk 0:00:19]} Qe6
{[%clk 0:00:41]} 35. Rxf4 {[%clk 0:00:18]} Re7 {[%clk 0:00:29]} 36. Be2
{[%clk 0:00:16]} Qh3 {[%clk 0:00:29]} 37. Bf1 {[%clk 0:00:15]} Qg3+
{[%clk 0:00:30]} 38. Bg2 {[%clk 0:00:14]} Qxf4 {[%clk 0:00:31]} 0-1

[Event "Team Championship Russia (Blitz, Men)"]
[Site "Sochi"]
[Date "2018.10.10"]
[Round "2.20"]
[White "Romanov, Evgeny"]
[Black "Pogromsky, Mikhail"]
[Result "1-0"]
[BlackElo "2462"]
[WhiteElo "2523"]
[LiveChessVersion "1.4.8"]

1. d4 {[%clk 0:03:03]} Nf6 {[%clk 0:03:02]} 2. Bg5 {[%clk 0:03:04]} b6
{[%clk 0:03:03]} 3. Bxf6 {[%clk 0:02:52]} gxf6 {[%clk 0:03:02]} 4. e4
{[%clk 0:02:49]} Bb7 {[%clk 0:03:03]} 5. Nd2 {[%clk 0:02:48]} e6 {[%clk 0:03:00]}
6. Ngf3 {[%clk 0:02:47]} c5 {[%clk 0:02:53]} 7. d5 {[%clk 0:02:40]} Bg7
{[%clk 0:02:37]} 8. c4 {[%clk 0:02:34]} O-O {[%clk 0:02:29]} 9. Bd3
{[%clk 0:02:35]} f5 {[%clk 0:02:22]} 10. exf5 {[%clk 0:02:25]} exd5 11. O-O
{[%clk 0:02:23]} dxc4 {[%clk 0:02:11]} 12. Nxc4 {[%clk 0:02:16]} d5
{[%clk 0:02:12]} 13. Nce5 {[%clk 0:02:09]} Nc6 {[%clk 0:02:03]} 14. Ng4
{[%clk 0:01:59]} c4 {[%clk 0:01:48]} 15. Bc2 {[%clk 0:01:51]} d4 {[%clk 0:01:45]}
16. Be4 {[%clk 0:01:39]} b5 {[%clk 0:01:39]} 17. Qd2 {[%clk 0:01:38]} Re8
{[%clk 0:01:32]} 18. Rfe1 {[%clk 0:01:29]} Rxe4 {[%clk 0:01:02]} 19. Rxe4
{[%clk 0:01:30]} c3 {[%clk 0:00:54]} 20. Qf4 {[%clk 0:01:20]} cxb2
{[%clk 0:00:54]} 21. Rb1 {[%clk 0:01:17]} Ne7 {[%clk 0:00:40]} 22. Ree1
{[%clk 0:01:00]} Nd5 {[%clk 0:00:37]} 23. Qg3 {[%clk 0:00:57]} Kh8
{[%clk 0:00:34]} 24. Nge5 {[%clk 0:00:49]} Qf6 {[%clk 0:00:30]} 25. Ng5
{[%clk 0:00:47]} Rf8 {[%clk 0:00:24]} 26. Nd7 {[%clk 0:00:47]} Qxf5
{[%clk 0:00:25]} 27. Nxf8 {[%clk 0:00:47]} Bxf8 {[%clk 0:00:26]} 28. Rxb2
{[%clk 0:00:44]} Bc6 {[%clk 0:00:18]} 29. Qe5+ {[%clk 0:00:34]} Qxe5
{[%clk 0:00:19]} 30. Nxf7+ {[%clk 0:00:36]} Kg7 {[%clk 0:00:19]} 31. Nxe5
{[%clk 0:00:36]} Be8 {[%clk 0:00:21]} 32. Nf3 {[%clk 0:00:37]} Bd7
{[%clk 0:00:20]} 33. Nxd4 {[%clk 0:00:37]} b4 {[%clk 0:00:20]} 34. Rd2
{[%clk 0:00:38]} Kf7 {[%clk 0:00:19]} 35. Nb3 {[%clk 0:00:36]} Be6
{[%clk 0:00:19]} 36. g3 {[%clk 0:00:32]} Nc3 {[%clk 0:00:19]} 37. f4
{[%clk 0:00:28]} Bg7 {[%clk 0:00:16]} 38. Kf2 {[%clk 0:00:25]} Bf5
{[%clk 0:00:16]} 39. Nd4 {[%clk 0:00:22]} Ne4+ {[%clk 0:00:17]} 40. Rxe4
{[%clk 0:00:21]} Bxe4 {[%clk 0:00:18]} 41. Ke3 {[%clk 0:00:21]} Bd5
{[%clk 0:00:19]} 42. Nb5 {[%clk 0:00:21]} Bc4 {[%clk 0:00:16]} 43. Nxa7
{[%clk 0:00:20]} Bc3 {[%clk 0:00:17]} 44. Rc2 {[%clk 0:00:20]} Ke6
{[%clk 0:00:19]} 45. Nc8 {[%clk 0:00:18]} Bb5 {[%clk 0:00:13]} 46. Nb6
{[%clk 0:00:17]} Kd6 {[%clk 0:00:14]} 47. a3 {[%clk 0:00:17]} Kc5
{[%clk 0:00:07]} 48. axb4+ {[%clk 0:00:17]} Kd5 49. Ke4+ 1-0

[Event "Team Championship Russia (Blitz, Men)"]
[Site "Sochi"]
[Date "2018.10.10"]
[Round "2.21"]
[White "Ponkratov, Pavel"]
[Black "Triapishko, Alexandr"]
[Result "1-0"]
[BlackElo "2560"]
[WhiteElo "2647"]
[LiveChessVersion "1.4.8"]

1. c4 {[%clk 0:03:02]} Nf6 {[%clk 0:03:01]} 2. Nc3 {[%clk 0:03:03]} c5
{[%clk 0:02:54]} 3. Nf3 {[%clk 0:03:03]} Nc6 {[%clk 0:02:54]} 4. e3
{[%clk 0:03:04]} g6 {[%clk 0:02:29]} 5. d4 {[%clk 0:03:05]} cxd4 {[%clk 0:02:29]}
6. exd4 {[%clk 0:03:06]} d5 {[%clk 0:02:30]} 7. cxd5 {[%clk 0:03:07]} Nxd5
{[%clk 0:02:31]} 8. Qb3 {[%clk 0:03:08]} Nxc3 {[%clk 0:02:21]} 9. Bc4
{[%clk 0:03:09]} Nd5 {[%clk 0:02:17]} 10. Bxd5 e6 11. Bxc6+ {[%clk 0:03:10]} bxc6
{[%clk 0:02:20]} 12. O-O {[%clk 0:03:11]} Qd5 {[%clk 0:02:15]} 13. Qe3
{[%clk 0:03:10]} Bg7 {[%clk 0:02:07]} 14. Bd2 {[%clk 0:03:08]} O-O
{[%clk 0:02:07]} 15. Rfc1 {[%clk 0:03:08]} Rb8 {[%clk 0:01:49]} 16. Rc5
{[%clk 0:03:05]} Qd6 {[%clk 0:01:47]} 17. Bc3 {[%clk 0:03:06]} Rb5
{[%clk 0:01:42]} 18. a4 {[%clk 0:02:59]} Rxc5 {[%clk 0:01:18]} 19. dxc5
{[%clk 0:03:00]} Qd5 {[%clk 0:01:19]} 20. Bxg7 {[%clk 0:03:00]} Kxg7
{[%clk 0:01:20]} 21. Qc3+ {[%clk 0:02:59]} f6 {[%clk 0:01:17]} 22. b4
{[%clk 0:02:52]} e5 {[%clk 0:01:16]} 23. h3 {[%clk 0:02:52]} a6 {[%clk 0:00:53]}
24. Nd2 {[%clk 0:02:50]} Be6 {[%clk 0:00:53]} 25. Re1 {[%clk 0:02:42]} Rd8
{[%clk 0:00:46]} 26. Ne4 {[%clk 0:02:42]} Qd3 {[%clk 0:00:42]} 27. Qb2
{[%clk 0:02:36]} Qd4 {[%clk 0:00:28]} 28. Qa3 {[%clk 0:02:21]} Qd3
{[%clk 0:00:26]} 29. Qa1 {[%clk 0:01:38]} Qd4 {[%clk 0:00:18]} 30. Nd6
{[%clk 0:01:28]} Qxa1 {[%clk 0:00:12]} 31. Rxa1 {[%clk 0:01:29]} Rb8
{[%clk 0:00:09]} 32. Rb1 {[%clk 0:01:27]} Bd5 {[%clk 0:00:05]} 33. f3
{[%clk 0:01:27]} f5 {[%clk 0:00:06]} 34. Kf2 {[%clk 0:01:28]} Kf6
{[%clk 0:00:07]} 35. Ke3 {[%clk 0:01:28]} Ke6 {[%clk 0:00:07]} 36. Kd2
{[%clk 0:01:29]} f4 {[%clk 0:00:06]} 37. Kc3 {[%clk 0:01:30]} g5 {[%clk 0:00:06]}
38. Ra1 {[%clk 0:01:24]} h5 {[%clk 0:00:06]} 39. b5 {[%clk 0:01:26]} axb5
{[%clk 0:00:05]} 40. axb5 {[%clk 0:01:26]} cxb5 {[%clk 0:00:07]} 41. Kb4
{[%clk 0:01:27]} Bc6 {[%clk 0:00:04]} 42. Ra6 {[%clk 0:01:28]} Kd5
{[%clk 0:00:03]} 43. Ne4 {[%clk 0:01:27]} Rc8 {[%clk 0:00:03]} 44. Nxg5
{[%clk 0:01:26]} Kd4 {[%clk 0:00:04]} 45. Nf7 {[%clk 0:01:19]} e4
{[%clk 0:00:03]} 46. Nd6 {[%clk 0:01:17]} Rc7 {[%clk 0:00:05]} 47. fxe4
{[%clk 0:01:17]} Ke5 {[%clk 0:00:04]} 48. Nxb5 {[%clk 0:01:15]} Bxb5
{[%clk 0:00:04]} 49. Kxb5 {[%clk 0:01:17]} Rg7 {[%clk 0:00:05]} 50. c6
{[%clk 0:01:16]} Rxg2 {[%clk 0:00:03]} 51. c7 {[%clk 0:01:17]} Rb2+
{[%clk 0:00:04]} 52. Kc6 {[%clk 0:01:16]} Rc2+ {[%clk 0:00:05]} 53. Kd7
{[%clk 0:01:17]} Rd2+ {[%clk 0:00:04]} 54. Kc6 {[%clk 0:01:11]} Rc2+
{[%clk 0:00:04]} 55. Kb7 {[%clk 0:01:12]} Rxc7+ {[%clk 0:00:04]} 56. Kxc7
{[%clk 0:01:13]} Kxe4 {[%clk 0:00:04]} 57. Re6+ {[%clk 0:01:02]} Kf3
{[%clk 0:00:04]} 58. Rh6 {[%clk 0:01:01]} Ke4 {[%clk 0:00:03]} 59. Rxh5
{[%clk 0:01:01]} f3 {[%clk 0:00:04]} 60. Rh7 {[%clk 0:01:02]} Kf4
{[%clk 0:00:05]} 61. Rf7+ {[%clk 0:01:02]} Kg3 {[%clk 0:00:06]} 62. h4
{[%clk 0:01:03]} 1-0